| 000 | 01545cam a2200313 i 4500 | ||
|---|---|---|---|
| 003 | SA-RiAUC | ||
| 005 | 20260315145300.0 | ||
| 008 | 260303s1908 ua g 000r0 ara c | ||
| 040 |
_aSA-RiAUC _bara _cSA-RiAUC _erda |
||
| 082 | 0 | 4 |
_a415.5 _qSA-RiAUC |
| 090 |
_a415.5 _bا ب ن و |
||
| 100 | 1 |
_aابن ولاد، أحمد بن محمد، _dتوفي 332 هجري _eمؤلف. |
|
| 245 | 1 | 0 |
_aكتاب المقصور والممدود / _cتأليف أبي العباس أحمد بن محمد بن الوليد بن ولاد النحوي ؛ عنى بتصحيحه محمد بدر الدين النعساني الحلبي. |
| 246 | 3 | 0 | _aالمقصور والممدود |
| 250 | _aالطبعة الأولى. | ||
| 264 | 1 |
_a[مكان النشر غير محدد] : _b[الناشر غير محدد]، _c1908 |
|
| 264 | 3 |
_aالقاهرة : _bمطبعة السعادة |
|
| 300 |
_a152، 8 صفحة ؛ _c29 سم |
||
| 336 |
_aنص _btxt _2rdacontent _3كتاب |
||
| 337 |
_aبدون وسيط _bn _2rdamedia |
||
| 338 |
_aمجلد _bnc _2rdacarrier |
||
| 500 | _aالنسخة مقابة على نسخة كتبت سنة 365 هـ. | ||
| 650 | 7 |
_aاللغة العربية _xصرف _2aucsh |
|
| 650 | 7 |
_aاللغة العربية _xنحو _2aucsh |
|
| 700 | 1 |
_aبدر الدين النعساني، محمد بن مصطفى بن رسلان، _d1298-1362 هجري _eمصحح. |
|
| 856 | 4 | _uhttp://10.10.10.21/hipres/382/book.Web/bookTestPage.html | |
| 942 |
_2ddc _cRBOOK COPY _n0 |
||
| 949 |
_aSA-JeALM _d260303 _umohamedma123 _n1 |
||
| 999 |
_c14617 _d14617 |
||